Journal of Financial Economics

Salvato in:
Dettagli Bibliografici
Natura: Periodico
Lingua:inglese
Pubblicazione: Amsterdam Elsevier Science Publishers B.V.
Tags: Aggiungi Tag
Nessun Tag, puoi essere il primo ad aggiungerne!!

MARC

LEADER 00000nas1a2200000$$$4500
001 0009517
005 20250730114819.2
022 |a 0304-405X 
022 |a 1879-2774 
041 0 |a eng 
044 |a NL 
245 1 0 |a Journal of Financial Economics 
264 1 |a Amsterdam  |b Elsevier Science Publishers B.V. 
500 |a Predtým North-Holland Publ